List of U.S. State Foods - Statistics

General Stats
  • This quiz has been taken 42 times
  • The average score is 40 of 195
Answer Stats
Food Type State Answer % Correct
Indiana Cookie Chocolate chip
83%
Massachusetts Cookie Chocolate chip
83%
California Nut Almond | walnut | pistachio | pecan
78%
New York Fruit Apple
78%
Pennsylvania Fruit Apple
78%
Vermont Fruit Apple
78%
Washington Fruit Apple
78%
Minnesota Berry Blueberry
78%
Minnesota Muffin Blueberry
78%
Mississippi Fruit Blueberry
78%
North Carolina Berry Blueberry
78%
Alabama Tree Fruit Peach
78%
Georgia Fruit Peach
78%
South Carolina Fruit Peach
78%
Alabama Legume Peanut
78%
Delaware Fruit Strawberry
72%
North Carolina Berry Strawberry
72%
Oklahoma Fruit Strawberry
72%
Florida Fruit Orange
67%
Minnesota Soda Orange
67%
Alabama Nut Pecan
67%
Arkansas Nut Pecan
67%
Alabama Fruit Blackberry
61%
Kentucky Fruit Blackberry
61%
Illinois Grain Corn
61%
Wisconsin Grain Corn
61%
Hawaii Fruit Pineapple
61%
Idaho Vegetable Potato
61%
Ohio Fruit Tomato
61%
Tennessee Fruit Tomato
61%
Utah Fruit Cherry
56%
Connecticut Dessert Ice cream
50%
Missouri Dessert Ice cream
50%
New Hampshire Fruit Pumpkin
50%
Texas Squash Pumpkin
50%
Vermont Pie Apple pie
44%
Texas Dish Chili
44%
Oregon Fruit Pear
44%
California Fruit Avocado
39%
Wisconsin Dairy product Cheese
39%
Maryland Drink Milk
39%
Connecticut Food Pizza
39%
Massachusetts Berry Cranberry
33%
Wisconsin Fruit Cranberry
33%
Georgia Dessert Peach cobbler
33%
Utah Snack Jell-O
28%
Connecticut Cookie Snickerdoodle
28%
Maryland Crustacean Blue crab
22%
Washington Drink Coffee
22%
Texas Pepper Jalapeño
22%
Florida Pie Key lime pie
22%
Hawaii Cookie Macadamia
22%
Vermont Flavor Maple
22%
Illinois Snack Food Popcorn
22%
Indiana Snack Food Popcorn
22%
Texas Fruit Texas red grapefruit | Grapefruit
22%
California Vegetable Artichoke
17%
Alaska Dessert Baked Alaska
17%
Tennessee Dessert Banana pudding | Pumpkin pie
17%
Ohio Dessert Buckeyes | Buckeye
17%
Arizona Fruit Cantaloupe
17%
New York Dessert Cheesecake | New York cheesecake
17%
Louisiana Cuisine Gumbo
17%
Louisiana Jelly Louisiana sugar cane jelly | Sugar cane
17%
Texas Pie Pecan pie
17%
Illinois Vegetable Sweet corn
17%
Indiana Vegetable Sweet corn
17%
Iowa Vegetable Sweet corn
17%
New York Vegetable Sweet corn
17%
Arkansas Dessert Arkansas Possum Pie | Possum Pie
11%
South Carolina Picnic Cuisine Barbeque
11%
Maine Dessert Blueberry pie
11%
New Jersey Dessert Blueberry pie
11%
Massachusetts Donut Boston cream
11%
Rhode Island Appetizer Calamari
11%
Wyoming Cookie Cowboy cookie
11%
Montana Cookie Cowboy cookie | Cowboy
11%
Oregon Nut Hazelnut
11%
Idaho Fruit Huckleberry
11%
Montana Fruit Huckleberry
11%
Wisconsin Pastry Kringle
11%
Alabama Dessert Lane cake
11%
California Cookie Lemon poppy seed
11%
Maine Sweetener Maine maple syrup | Maple syrup
11%
Nevada Cookie Peanut butter chocolate chip
11%
West Virginia Snack Pepperoni rolls
11%
Hawaii Seafood Poke
11%
Wyoming Meat Prime rib
11%
Illinois Pie Pumpkin pie
11%
Oklahoma Steak Ribeye
11%
Washington Snack/dish Smoked salmon
11%
Montana Dessert S'mores
11%
Illinois Bean Soybean
11%
Maine Treat Whoopie pie
11%
Alaska Fruit Alaskan blueberry
6%
Maryland Fruit American persimmon
6%
New York Muffin Apple muffin
6%
Michigan Vegetable Asparagus
6%
Massachusetts Bean Baked navy bean
6%
Rhode Island Cookie Biscotti
6%
South Carolina Snack food Boiled peanuts
6%
Massachusetts Dessert Boston cream pie
6%
Kentucky Cookie Bourbon spice | Kentucky Derby cookie
6%
California Dessert Boysenberry pie
6%
Iowa Sandwich Breaded pork tenderloin
6%
Minnesota Dessert Bundt cake
6%
Kentucky Stew Burgoo
6%
Virginia Dessert Chess pie
6%
Oklahoma Meal Chicken-fried steak | barbequed pork | fried okra | sausage with biscuits and gravy | black eyed peas
6%
New Mexico Vegetable Chile | New Mexico chile
6%
North Dakota Candy/snack Chippers | Chocolate covered potato chips
6%
Colorado Cookie Chocolate chip with nuts | Chocolate chip cookie with nuts
6%
South Carolina Vegetable Collard greens
6%
Massachusetts Muffin Corn muffin
6%
Florida Sandwich Cuban sandwich
6%
Kentucky Dessert Derby pie
6%
Missouri Tree Nut Eastern black walnut
6%
South Dakota Bread Frybread
6%
Nevada Dessert Gâteau Basque | Basque cake
6%
West Virginia Fruit Golden delicious apple
6%
Illinois Fruit Goldrush Apple
6%
Rhode Island Fruit Greening Apple | Rhode Island greening apple
6%
Hawaii Dessert Haupia
6%
Pennsylvania Candy Hershey's Kiss
6%
Minnesota Fruit Honeycrisp apple
6%
Indiana Dessert Hoosier sugar cream pie
6%
Idaho Dessert Huckleberry pie
6%
North Dakota Dessert Kuchen
6%
South Dakota Dessert Kuchen
6%
Louisiana Fruit Louisiana strawberry
6%
Michigan Native Grain Manoomin
6%
New Hampshire Dessert Maple pumpkin pie
6%
Oregon Dessert Marionberry pie
6%
Louisiana Jelly Mayhaw
6%
Arizona Cookie Mexican wedding cookie
6%
Mississippi Dessert Mississippi mud pie
6%
Tennessee Dessert/snack Moon pies | Moon pie
6%
Minnesota Mushroom Morel
6%
California Tree Fruit None
6%
New Jersey Fruit Northern highbush blueberry | Highbush blueberry
6%
Missouri Grape Norton | Cynthiana
6%
Idaho Cookie Oatmeal chocolate chip
6%
Colorado Fruit Palisade peach
6%
Colorado Dessert Palisade peach pie
6%
Missouri Fruit Pawpaw
6%
Ohio Native Fruit Pawpaw
6%
Virginia Fruit Pawpaw
6%
Delaware Dessert Peach pie
6%
Arkansas Cookie Peanut butter with chocolate chips
6%
Georgia Cookie Peanut butter with chocolate chips
6%
Kansas Dessert Peppernut
6%
Arkansas Fruit Pink tomato
6%
New Mexico Vegetable Pinto beans | frijoles pintos
6%
Wyoming Meat Rocky Mountain Oysters
6%
Alaska Cookie Russian tea cakes
6%
Kansas Fruit Sandhill plum
6%
Pennsylvania Dessert Shoofly pie
6%
Maryland Dessert Smith Island Cake
6%
Arizona Dessert Sopaipillas
6%
Iowa Dessert Sour cream raisin pie
6%
Utah Vegetable Spanish sweet onion | sugar beet
6%
Florida Seafood Stone crab claws
6%
Kansas Cookie Sunflower butterscotch
6%
Nebraska Dessert Sweet corn ice cream
6%
Delaware Herb Sweet goldenrod
6%
Texas Vegetable Sweet onion
6%
Alabama Vegetable Sweet potato
6%
Louisiana Vegetable Sweet potato
6%
North Carolina Vegetable Sweet potato
6%
North Carolina Dessert Sweet potato pie
6%
Michigan Fruit Tart cherry
6%
Michigan Dessert Tart cherry pie
6%
New Jersey Sandwich Taylor ham egg and cheese | Taylor Ham, egg and cheese
6%
Nebraska Dessert Tin roof sundae
6%
Texas Snack Tortilla chips and salsa | Chips and salsa
6%
Michigan Cookie Treasure cookie | Treasure
6%
Georgia Vegetable Vidalia sweet onion
6%
Washington Vegetable Walla Walla sweet onion
6%
New Hampshire Vegetable White potato
6%
Maine Berry Wild blueberry
6%
Maine Herb Wintergreen
6%
Alabama Cookie Yellowhammer
6%
New York Snack Yogurt
6%
New Mexico Cookie Biscochito | Bizcochito
0%
Texas Native pepper Chiltepin
0%
South Dakota Snack Chislic
0%
North Dakota Fruit Chokecherry
0%
Vermont Vegetable Gilfeather turnip
0%
New Jersey Cookie Linzer
0%
Oregon Mushroom Pacific golden chanterelle
0%
Texas Bread Pan de campo
0%
Nevada Nut Pinion
0%
Nebraska Food Runza
0%
North Carolina Fruit Scuppernong grape
0%
Florida Honey Tupelo honey
0%
No matching quizzes found
Score Distribution
Percent of People with Each Score
Percentile by Number Answered
Your Score History
You have not taken this quiz